000 00500nam a2200169 i 4500
001 29712
003 ES-MaACL
005 20250920063032.0
007 t|
008 030122s1917 fr ||||1| fre d
100 1 _aBarrès, Maurice,
_d1862-1923
_925947
245 1 2 _aL'ame française et la guerre
_b: for les mutiles /
_cMaurice Barrés.
260 _aParís :
_b[s.n.,
_c1917] (
_fChaix et Cie)
300 _aIV, 334 p. ;
_c29 cm.
852 _aES-MaACL
_jF-4503
999 _c29712
_d29712